000 00248nam a2200097Ia 4500
001 1252675
005 20251031150939.0
008 251031s9999 xx 000 0 und d
245 0 _cTİMOTHY KNAPMAN
_aT-5 KAHRAMAN HERKÜL
260 _bMARTI YAYINLARI
999 _c1252675
_d1252675